01443nam a2200349Ia 4500001001200000003000800012006001900020007001500039008004100054010001700095020002800112020003100140040002100171035002100192050002500213245016900238260004300407300002300450500006500473504005100538533015200589650002500741650002300766655002900789700002000818700002000838700002100858710005600879710001700935856012600952999001501078ebr10281514CaPaEBRm u cr cn|||||||||081121s2009 nyua sb 001 0 eng d z 2008050931 z0826118356 (alk. paper) z9780826118356 (alk. paper) aCaPaEBRcCaPaEBR a(OCoLC)31918065914aRT82.8b.C576 2009eb00aClinical nurse specialist toolkith[electronic resource] :ba guide for the new clinical nurse specialist /cMelanie Duffy, Susan Dresser, Janet S. Fulton, editors. aNew York :bSpringer Pub. Co.,cc2009. axi, 178 p. :bill. a"NACNS, National Association of Clinical Nurse Specialists." aIncludes bibliographical references and index. aElectronic reproduction.bPalo Alto, Calif. :cebrary,d2009.nAvailable via World Wide Web.nAccess may be limited to ebrary affiliated libraries. 0aNurse practitioners. 0aNursingxPractice. 7aElectronic books.2local1 aDresser, Susan.1 aDuffy, Melanie.1 aFulton, Janet S.2 aNational Association of Clinical Nurse Specialists.2 aebrary, Inc.40uhttp://site.ebrary.com/lib/rucke/Doc?id=10281514zAn electronic book accessible through the World Wide Web; click to view c3502d3502